000 01227nam0a22002891 4500
001 rc\3591742
005 20130115142327.8
021 _aRU
_b87-ВП-3554/7,8
035 _a(NLR Aleph) 007702889
090 _a6766096
_c6766096
100 _a20130115d1972 |||y0rusy50 ca
101 0 _arus
102 _aRU
105 _aa z |||||
200 1 _aПотери давления во вращающихся перфорированных барабанах конденсаторов
_f[К. т. н. Г.Г. Павлов, инж. Т.Б. Богданова]
210 _aМосква
_cБ. и.
_d1972
215 _a19 с.
_cил.
_d22
225 1 _aЭкспресс-информация
_fМ-во лег. пром-сти СССР, ЦНИИ информ. и техн.-экон. исслед. лег. пром-сти
320 _aБиблиогр.: с. 18
701 1 _aБогданова
_bТ. Б.
701 1 _aПавлов
_bГ. Г.
712 0 2 _aЦентральный институт науч.-техн. информации легкой промышленности
_cМосква
_3RU\NLR\AUTH\8810025847
801 0 _aRU
_bNLR
_gpsbo
801 1 _aRU
_bELAR
_2rusmarc
852 _aNLR
_j88-6/1431
942 _cBOOK
980 _aNB